000
00297nam a22001337a 4500
008
171016b xxu||||| |||| 00| 0 eng d
020
_a
9780324545180
041
_a
eng
080
_2
6 ED
_a
33
100
_a
52
101
_a
ECO
245
_a
EXPLORING ECONOMICS
_c
SEXTON.R.L
942
_2
udc
_c
BK
999
_c
34092
_d
34092